00525 2200169 4500245005500000020002200055250001100077100001800088650001600106005001900122260004200141041001400183084000800197300002800205500011300233336000900346 aMaaf , Aku Mengintipp InboxmucFitri SusantihText a978-602-1231-03-6 aCet. 1 aFitri Susanti aNovel Fiksi a20231004144212 aYogyakartabPenerbit Alif Mediac2013 aIndonesia a813 axii, 263 hlm. :c19 cm. amaaf bila aku tak pernah bisa untuk memikirkan dan mencintaimu karena kamu sudah jdi bagian dalam nafas ini. atext